Statistiques concernant (Football) Les meilleurs buteurs par année civile depuis 2000.

Cliquez ici pour prendre le quiz!

Statistiques générales

  • Ce quiz a été pris 20 680 fois
  • Le résultat moyen est 18 sur 22

Statistiques - réponses

AnnéeJoueursNombre de butsClub% Correct
2015Cristiano Ronaldo54 butsReal Madrid
100%
2011Cristiano Ronaldo53 butsReal Madrid
100%
2014Cristiano Ronaldo55 butsReal Madrid
100%
2013Cristiano Ronaldo59 butsReal Madrid
100%
2010Lionel Messi58 butsFC Barcelone
100%
2018Lionel Messi47 butsFC Barcelone
100%
2016Lionel Messi51 butsFC Barcelone
100%
2012Lionel Messi79 butsFC Barcelone
100%
2020Robert Lewandowski45 butsBayern Munich
96%
2019Robert Lewandowski48 butsBayern Munich
96%
2021Robert Lewandowski56 butsBayern Munich
96%
2017Edinson Cavani50 butsParis Saint-Germain
95%
2004Thierry Henry43 butsArsenal FC
90%
2008Samuel Eto'o33 butsFC Barcelone
77%
2005Samuel Eto'o35 butsFC Barcelone
77%
2009Luis Suárez42 butsAjax Amsterdam
72%
2001Raúl41 butsReal Madrid
69%
2007Ruud van Nistelrooy30 butsReal Madrid
46%
2003Ruud van Nistelrooy43 butsManchester United
46%
2002Ruud van Nistelrooy35 butsManchester United
46%
2000Andreï Chevtchenko37 butsAC Milan
43%
2006Klaas-Jan Huntelaar36 butsAjax Amsterdam
26%

Distribution des résultats

Percentile par nombre de réponses

% des personnes avec chaque résultat

Votre développement - résultats

Vous n’avez pas pris ce quiz